[Event "XV Festival A"]
[Site "Padova ITA"]
[Date "2012.12.17"]
[Round "2"]
[White "De Santis, Alessio"]
[Black "Kasparov, Sergey"]
[WhiteElo "2281"]
[BlackElo "2475"]
[Result "1/2-1/2"]
[PlyCount "109"]
[EventDate "2012.12.16"]

1. b4 Nf6 2. Bb2 e6 3. a3 b6 4. Nf3 Bb7 5. e3 c5 6. bxc5 bxc5 7. c4 d6 8. Nc3
Nbd7 9. Be2 Be7 10. O-O O-O 11. d3 Rb8 12. Rb1 a6 13. Nd2 Qc7 14. Qc2 d5 15.
cxd5 exd5 16. Rfc1 Bd6 17. h3 Rfc8 18. Qd1 Qd8 19. a4 Qe7 20. Ba3 d4 21. exd4
cxd4 22. Bxd6 Qxd6 23. Nce4 Bxe4 24. Rxc8+ Rxc8 25. Nxe4 Nxe4 26. dxe4 g6 27.
Bg4 Re8 28. Bxd7 Qxd7 29. Qd3 Qxa4 30. Rb6 Qa1+ 31. Kh2 Qc3 32. Qxc3 dxc3 33.
Rxa6 Rc8 34. Ra1 Kg7 35. Kg3 Kf6 36. Kf3 c2 37. Rc1 Rc3+ 38. Ke2 Ke5 39. Kd2
Rc4 40. Rxc2 Rxc2+ 41. Kxc2 Kxe4 42. Kd2 h5 43. Ke2 h4 44. Kd2 g5 45. Ke2 Kf4
46. Kf1 Ke4 47. Ke2 Kf4 48. Kf1 Ke5 49. Ke2 Ke4 50. f3+ Kf4 51. Kf2 f6 52. Kf1
Kg3 53. Kg1 f5 54. Kh1 Kf2 55. Kh2 1/2-1/2

[Event "XV Festival A"]
[Site "Padova ITA"]
[Date "2012.12.17"]
[Round "2"]
[White "Dvirnyy, Danyyil"]
[Black "Efimov, Igor"]
[WhiteElo "2537"]
[BlackElo "2413"]
[Result "1-0"]
[PlyCount "87"]
[EventDate "2012.12.16"]

1. e4 e5 2. Nf3 Nc6 3. Bb5 Nf6 4. O-O Nxe4 5. Re1 Nd6 6. Nxe5 Be7 7. Bf1 Nxe5
8. Rxe5 O-O 9. d4 Bf6 10. Re1 Re8 11. Bf4 Rxe1 12. Qxe1 Ne8 13. Nc3 d6 14. Nd5
Be6 15. Nxf6+ Qxf6 16. Qd2 Qg6 17. d5 Bf5 18. c4 Nf6 19. Re1 Re8 20. Rxe8+ Nxe8
21. Qe3 Kf8 22. c5 b6 23. Bb5 f6 24. cxd6 Nxd6 25. Bxd6+ cxd6 26. Qa3 Qg4 27.
Qxd6+ Kf7 28. h3 Qe4 29. g4 Qe1+ 30. Bf1 Bb1 31. Qc7+ Kg6 32. Qc4 Qd2 33. b3 h5
34. Be2 h4 35. Bf3 Kg5 36. Be2 Kg6 37. Qb5 f5 38. Qe8+ Kf6 39. Qe6+ Kg5 40.
Qe7+ Kg6 41. Qxh4 Qxd5 42. g5 f4 43. Qh5+ Kf5 44. g6+ 1-0

[Event "XV Festival A"]
[Site "Padova ITA"]
[Date "2012.12.16"]
[Round "2"]
[White "Giuriato, Sergio"]
[Black "Lantini, Marco"]
[WhiteElo "1959"]
[BlackElo "2186"]
[Result "0-1"]
[PlyCount "52"]
[EventDate "2012.12.16"]

1. d4 Nf6 2. c4 e6 3. Nc3 Bb4 4. e3 O-O 5. Bd3 c5 6. Nf3 d5 7. O-O Nbd7 8. Bd2
b6 9. cxd5 exd5 10. Rc1 c4 11. Bb1 Re8 12. Ne2 Bd6 13. Ng3 Bxg3 14. hxg3 b5 15.
Qc2 Ne4 16. Rfd1 a5 17. Be1 Ra6 18. Qe2 Rh6 19. Nh4 Nf8 20. f4 Ng6 21. Nf3 Bg4
22. Bf2 Ne7 23. Rf1 Nf5 24. Qe1 Qb6 25. Ne5 Rxe5 26. fxe5 Rh5 0-1

[Event "XV Festival A"]
[Site "Padova ITA"]
[Date "2012.12.17"]
[Round "2"]
[White "Lazic, Miroljub"]
[Black "Del Monaco, Andrea"]
[WhiteElo "2471"]
[BlackElo "2247"]
[Result "1/2-1/2"]
[PlyCount "67"]
[EventDate "2012.12.16"]

1. c4 e5 2. g3 Nf6 3. Bg2 c6 4. d4 exd4 5. Qxd4 d5 6. cxd5 cxd5 7. Nf3 Nc6 8.
Qa4 Bb4+ 9. Nbd2 O-O 10. a3 Bc5 11. O-O Re8 12. Qd1 Ne4 13. Nb3 Bb6 14. Nbd4
Qf6 15. Nc2 Be6 16. Nce1 Rad8 17. Nd3 g5 18. Bd2 Bg4 19. Rc1 Nd4 20. Be3 Nxf2
21. Nxf2 Nxe2+ 22. Kh1 Bxf3 23. Ng4 Bxg4 24. Rxf6 Rxe3 25. Qf1 Nxc1 26. Qxc1
Rde8 27. Rf1 d4 28. Qc4 Be6 29. Qb5 Rd8 30. Qxg5+ Kf8 31. Qh6+ Ke8 32. Bxb7 d3
33. Bc6+ Ke7 34. Qf6+ 1/2-1/2

[Event "XV Festival A"]
[Site "Padova ITA"]
[Date "2012.12.17"]
[Round "2"]
[White "Litrico, Paolo"]
[Black "Solomon, Kenny"]
[WhiteElo "1978"]
[BlackElo "2440"]
[Result "0-1"]
[PlyCount "92"]
[EventDate "2012.12.16"]

1. d4 g6 2. Nc3 Bg7 3. Nf3 d6 4. e4 c6 5. Be3 Nd7 6. Qd2 b5 7. Bd3 Bb7 8. O-O
a6 9. Ne2 e5 10. c4 exd4 11. Bxd4 Ngf6 12. cxb5 axb5 13. Qf4 Qe7 14. Ng3 O-O
15. Rfe1 Rfe8 16. Qh4 Ne5 17. Nxe5 dxe5 18. Be3 Qe6 19. Bg5 Nd7 20. b3 h5 21.
Be2 Nf6 22. a4 Ba6 23. axb5 Bxb5 24. Bxb5 cxb5 25. h3 Nh7 26. Rxa8 Rxa8 27. Re3
f6 28. f4 fxg5 29. fxg5 Qb6 30. Nf1 Rf8 31. Qg3 Rf4 32. Nd2 h4 33. Qe1 Nxg5 34.
Kh2 Bf8 35. Rd3 Bc5 36. Qa1 Bd4 37. Qa8+ Kg7 38. Qd5 Rf8 39. Qd7+ Kh6 40. Qg4
Rf4 41. Qc8 Qf6 42. b4 Rf2 43. Qc1 Qf4+ 44. Kh1 Nxe4 45. Rxd4 exd4 46. Qe1 Nxd2
0-1

[Event "XV Festival A"]
[Site "Padova ITA"]
[Date "2012.12.17"]
[Round "2"]
[White "Manca, Federico"]
[Black "Tsalughelashvili, Lile"]
[WhiteElo "2433"]
[BlackElo "2085"]
[Result "1-0"]
[PlyCount "89"]
[EventDate "2012.12.16"]

1. e4 c6 2. d4 d5 3. Nc3 dxe4 4. Nxe4 Bf5 5. Ng3 Bg6 6. Nf3 Nd7 7. h4 h6 8. h5
Bh7 9. Bd3 Bxd3 10. Qxd3 Ngf6 11. Bd2 e6 12. O-O-O Bd6 13. Ne4 Nxe4 14. Qxe4
Nf6 15. Qe2 Qc7 16. Ne5 O-O-O 17. c4 Rhe8 18. Bc3 Nh7 19. g4 f6 20. Nd3 Ng5 21.
Rhe1 Nh3 22. Kb1 Nf4 23. Qe4 Nxd3 24. Rxd3 Qf7 25. f3 Bg3 26. Red1 f5 27. Qe2
g6 28. hxg6 Qxg6 29. Ba5 Rd7 30. Ka1 Rg7 31. Rg1 Bf4 32. Bd2 e5 33. Bxf4 exf4
34. Qf1 h5 35. Rd1 Rge7 36. d5 Re2 37. d6 Kd7 38. gxh5 Qf6 39. Rb1 Rh2 40. Rg6
Qd4 41. Rg2 Rxh5 42. Rd1 Qh8 43. Qg1 b6 44. Rg7+ Kd8 45. Rxa7 1-0

[Event "XV Festival A"]
[Site "Padova ITA"]
[Date "2012.12.17"]
[Round "2"]
[White "Milazzo, Mario"]
[Black "Baschirotto, Marco"]
[WhiteElo "2091"]
[BlackElo "1888"]
[Result "1/2-1/2"]
[PlyCount "118"]
[EventDate "2012.12.16"]

1. c4 c5 2. Nc3 g6 3. g3 Bg7 4. Bg2 Nc6 5. e3 d6 6. Nge2 Bd7 7. O-O Qc8 8. Nf4
Nf6 9. d3 e5 10. Nfd5 Nxd5 11. Nxd5 Ne7 12. Nxe7 Kxe7 13. Rb1 Bh3 14. Qf3 Bxg2
15. Qxg2 Rb8 16. b4 b6 17. f4 Qb7 18. e4 f6 19. fxe5 fxe5 20. Bg5+ Ke8 21. Qh3
Qc8 22. Qh4 Rb7 23. Bf6 Qe6 24. Bxg7 Rxg7 25. Rf6 Qd7 26. b5 Rf8 27. Rbf1 Rxf6
28. Qxf6 Qe7 29. Qf3 Rf7 30. Qg4 Rxf1+ 31. Kxf1 Qd7 32. Qg5 Qh3+ 33. Kg1 Qe6
34. Kg2 Qf7 35. h4 Qe7 36. Qh6 Qf7 37. h5 Ke7 38. hxg6 hxg6 39. Qh8 g5 40. Qh3
Qg7 41. Kf3 Qf7+ 42. Kg2 Qg7 43. Qg4 Qg8 44. Kf3 Qf7+ 45. Ke3 Qg8 46. Ke2 Kd8
47. Kd2 Ke7 48. Kc3 Kd8 49. Qf5 g4 50. Qf6+ Kd7 51. a3 Qh7 52. Qf8 Qh1 53. Qf7+
Kd8 54. Qg8+ Ke7 55. Qg5+ Ke8 56. Qg8+ Ke7 57. Qg7+ Ke8 58. Qg6+ Ke7 59. Qg5+
Ke8 1/2-1/2

[Event "XV Festival A"]
[Site "Padova ITA"]
[Date "2012.12.17"]
[Round "2"]
[White "Mogranzini, Roberto"]
[Black "Damia, Angelo"]
[WhiteElo "2489"]
[BlackElo "2281"]
[Result "1-0"]
[PlyCount "99"]
[EventDate "2012.12.16"]

1. Nf3 Nf6 2. c4 Na6 3. g3 d6 4. Bg2 g6 5. Nc3 Bg7 6. Rb1 O-O 7. b4 d5 8. cxd5
Nxd5 9. Nxd5 Qxd5 10. Bb2 Qxa2 11. Bxg7 Kxg7 12. O-O c6 13. b5 cxb5 14. Rxb5
Bd7 15. Rxb7 Nc5 16. Rb1 a5 17. Ne5 Ba4 18. Qc1 Rac8 19. Nc4 Bc2 20. Qb2+ Qxb2
21. Rxb2 Be4 22. Nxa5 Bxg2 23. Kxg2 Rfd8 24. d3 e5 25. Rc1 Rd5 26. Nc4 Ne6 27.
Ra1 Rc7 28. Ra8 f6 29. Rbb8 f5 30. Re8 Kf7 31. h4 h6 32. Rh8 h5 33. e4 fxe4 34.
dxe4 Rd4 35. Nxe5+ Kf6 36. Nf3 Rxe4 37. Ra6 Kg7 38. Rb8 Re2 39. Ng1 Re5 40.
Rbb6 Nf8 41. Nh3 Kh7 42. Rf6 Kg7 43. Rfb6 Kh7 44. Nf4 Rg7 45. Rd6 Ree7 46. Ra8
Nd7 47. Ne6 Rg8 48. Ng5+ Kh8 49. Rxg8+ Kxg8 50. Rxg6+ 1-0

[Event "XV Festival A"]
[Site "Padova ITA"]
[Date "2012.12.17"]
[Round "2"]
[White "Mosca, Leonildo"]
[Black "Kassel, Walter"]
[WhiteElo "2113"]
[BlackElo "1912"]
[Result "1-0"]
[PlyCount "103"]
[EventDate "2012.12.16"]

1. e4 c5 2. Nf3 e6 3. c4 Nc6 4. Nc3 Nf6 5. Be2 Be7 6. O-O O-O 7. d4 cxd4 8.
Nxd4 a6 9. Be3 Qc7 10. Rc1 Rd8 11. Nd5 exd5 12. cxd5 Nxe4 13. Qa4 Qa5 14. Qxa5
Nxa5 15. Nf5 Re8 16. Bb6 Bb4 17. Bd3 d6 18. Bxa5 Bxf5 19. Bxb4 Rad8 20. Rfe1
Bg6 21. Rc7 Nf6 22. Rxe8+ Rxe8 23. Bxg6 hxg6 24. Rxb7 Nxd5 25. Ba5 Rc8 26. g3
Rc5 27. Bb4 Nxb4 28. Rxb4 Kf8 29. Rb6 Ra5 30. a3 Ke7 31. Kf1 Kd7 32. Rb7+ Ke6
33. Ke2 g5 34. Rb4 Rb5 35. Rxb5 axb5 36. Kd3 Kd5 37. b3 Kc5 38. f3 Kd5 39. h3
Kc5 40. Ke4 g6 41. Ke3 f5 42. Kd3 Kd5 43. a4 Kc5 44. a5 b4 45. a6 Kb6 46. Kc4
Kxa6 47. Kxb4 Kb6 48. Kc4 g4 49. fxg4 fxg4 50. hxg4 Kc6 51. g5 d5+ 52. Kd4 1-0

[Event "XV Festival A"]
[Site "Padova ITA"]
[Date "2012.12.17"]
[Round "2"]
[White "Rossi, Carlo"]
[Black "Shishkin, Vadim"]
[WhiteElo "2286"]
[BlackElo "2501"]
[Result "0-1"]
[PlyCount "128"]
[EventDate "2012.12.16"]

1. e4 c5 2. Nf3 Nc6 3. d4 cxd4 4. Nxd4 Nf6 5. Nc3 d6 6. Bc4 e5 7. Nf5 Be6 8.
Bd5 Nxd5 9. Nxd5 g6 10. Nfe3 Bg7 11. h4 h5 12. c3 Qd7 13. a4 Rd8 14. a5 f5 15.
a6 b6 16. Qa4 f4 17. Nc4 Kf7 18. g3 Ne7 19. Qxd7 Rxd7 20. Nxe7 Kxe7 21. Nd2 d5
22. gxf4 exf4 23. Rg1 dxe4 24. Nxe4 Bf5 25. f3 Be5 26. Kf2 Rhd8 27. Re1 Kf8 28.
Ng5 Bd6 29. b4 Rc8 30. Bb2 Bxb4 31. Nh7+ Kf7 32. Ng5+ Kf8 33. Nh7+ Kf7 34. Ng5+
Kg8 35. cxb4 Rd2+ 36. Kg1 Rxb2 37. Re7 Bb1 38. Re1 Bd3 39. Rad1 Re2 40. Rxe2
Bxe2 41. Rd7 Bxa6 42. Rxa7 Bc4 43. Rb7 Rc6 44. Kf2 Kf8 45. Rd7 b5 46. Rd4 Ra6
47. Rxf4+ Ke7 48. Ke3 Ra4 49. Kd4 Rxb4 50. Kc5 Rb1 51. Re4+ Kf6 52. Rf4+ Kg7
53. Rd4 Rh1 54. Rf4 Rh2 55. Kb4 Kh6 56. Ne4 Rh3 57. Nd6 Be2 58. Nf7+ Kg7 59.
Ng5 Rh1 60. Rf7+ Kg8 61. Re7 Rxh4+ 62. Kc5 Bc4 63. Kd6 Rf4 64. Rc7 Rf5 0-1

[Event "XV Festival A"]
[Site "Padova ITA"]
[Date "2012.12.17"]
[Round "2"]
[White "Santolini, Luigi"]
[Black "Dorigo, Tommaso"]
[WhiteElo "2144"]
[BlackElo "1899"]
[Result "1/2-1/2"]
[PlyCount "40"]
[EventDate "2012.12.16"]

1. e4 Nf6 2. e5 Nd5 3. d4 d6 4. Nf3 Bg4 5. Be2 e6 6. O-O Be7 7. h3 Bh5 8. c4
Nb6 9. exd6 cxd6 10. Re1 O-O 11. Nc3 d5 12. c5 N6d7 13. Bf4 Bf6 14. Nb5 Bxf3
15. Bxf3 Nc6 16. Bc7 Qc8 17. Bd6 Rd8 18. Nc7 Rb8 19. Nb5 Ra8 20. Nc7 Rb8
1/2-1/2

[Event "XV Festival A"]
[Site "Padova ITA"]
[Date "2012.12.17"]
[Round "2"]
[White "Sibilio, Mario"]
[Black "Collutiis, Duilio"]
[WhiteElo "2349"]
[BlackElo "2495"]
[Result "0-1"]
[PlyCount "68"]
[EventDate "2012.12.16"]

1. d4 d5 2. c4 c6 3. Nf3 Nf6 4. Nc3 dxc4 5. e4 b5 6. e5 Nd5 7. a4 e6 8. axb5
Nxc3 9. bxc3 cxb5 10. Ng5 Bb7 11. Qh5 g6 12. Qg4 Be7 13. Be2 Bd5 14. Bf3 a5 15.
h4 h6 16. Ne4 Nc6 17. O-O b4 18. Nd6+ Bxd6 19. Bxd5 exd5 20. exd6 O-O 21. cxb4
Re8 22. b5 Re4 23. Qd1 Rxd4 24. Qa4 Nb4 25. Ba3 Nd3 26. b6 Qxb6 27. Rab1 c3 28.
Qd7 Qd8 29. Rb7 Qxd7 30. Rxd7 Ra4 31. Rc7 Rxa3 32. d7 Rd8 33. Rc8 Kf8 34. Rd1
c2 0-1

[Event "XV Festival A"]
[Site "Padova ITA"]
[Date "2012.12.17"]
[Round "2"]
[White "Viola, Enrico"]
[Black "Gallo, Enrico"]
[WhiteElo "1865"]
[BlackElo "2074"]
[Result "0-1"]
[PlyCount "84"]
[EventDate "2012.12.16"]

1. Nf3 Nf6 2. c4 d5 3. cxd5 Nxd5 4. e4 Nb6 5. d4 Bg4 6. Be2 e6 7. Be3 Be7 8.
O-O O-O 9. Nc3 N8d7 10. Qb3 Nf6 11. Rfd1 Bh5 12. a4 Bg6 13. Bd3 Rb8 14. Rac1 a5
15. Ne5 Bb4 16. Nxg6 hxg6 17. Bf4 Nh5 18. Be3 Nd7 19. e5 g5 20. g3 g6 21. Bxg6
fxg6 22. Qxe6+ Kg7 23. Nd5 c6 24. Nxb4 axb4 25. Qd6 Re8 26. Qxb4 Nf8 27. Qb3
Ne6 28. d5 cxd5 29. Rxd5 Qe7 30. Bb6 Kh8 31. Rcd1 Nhg7 32. Rd7 Qf8 33. Ba7 Rbc8
34. Qxb7 Qf5 35. Qd5 g4 36. b4 Ng5 37. Bd4 N7e6 38. Ba1 Nh3+ 39. Kh1 Nxf2+ 40.
Kg2 Nxd1 41. Qxd1 Rc2+ 42. Rd2 Qf3+ 0-1

[Event "XV Festival A"]
[Site "Padova ITA"]
[Date "2012.12.17"]
[Round "2"]
[White "Vocaturo, Daniele"]
[Black "Codenotti, Marco"]
[WhiteElo "2521"]
[BlackElo "2362"]
[Result "0-1"]
[PlyCount "80"]
[EventDate "2012.12.16"]

1. e4 c5 2. Nf3 d6 3. d4 cxd4 4. Nxd4 Nf6 5. Nc3 a6 6. Be3 e5 7. Nb3 Be6 8. f3
Nbd7 9. Qd2 h5 10. Nd5 Bxd5 11. exd5 Be7 12. Be2 Qc7 13. O-O Nb6 14. Bg5 Nbxd5
15. Rad1 Qb6+ 16. Kh1 h4 17. c4 Nf4 18. Bxf4 exf4 19. Qxf4 d5 20. c5 Nh5 21.
cxb6 Nxf4 22. Bd3 O-O-O 23. a4 Kb8 24. a5 Bb4 25. Kg1 Rh5 26. Kf2 d4 27. Bc4
Ne6 28. Bxe6 fxe6 29. Rd3 Bxa5 30. Nxa5 Rxa5 31. Re1 e5 32. f4 Rf8 33. Rf3 Rb5
34. fxe5 Rxb2+ 35. Kf1 Rxf3+ 36. gxf3 Kc8 37. Rc1+ Kd8 38. Rc7 Rxb6 39. Rxg7 a5
40. e6 a4 0-1

[Event "XV Festival A"]
[Site "Padova ITA"]
[Date "2012.12.17"]
[Round "2"]
[White "Zuttioni, Federico"]
[Black "Solodovnichenko, Yuri"]
[WhiteElo "2001"]
[BlackElo "2557"]
[Result "0-1"]
[PlyCount "118"]
[EventDate "2012.12.16"]

1. e4 c5 2. Nf3 e6 3. d4 cxd4 4. Nxd4 Nc6 5. Nc3 d6 6. g3 Nf6 7. Bg2 Bd7 8. O-O
Be7 9. b3 O-O 10. Bb2 a6 11. Nf3 b5 12. a3 Qc7 13. Qe2 Bc8 14. e5 dxe5 15. Nxe5
Bb7 16. Ne4 Nxe5 17. Bxe5 Qxe5 18. Nxf6+ Bxf6 19. Qxe5 Bxe5 20. Bxb7 Ra7 21.
Rae1 Bxg3 22. Be4 Bd6 23. a4 b4 24. Bd3 Bc5 25. Re5 Rc8 26. Rd1 Kf8 27. Bc4 Ke7
28. Kg2 a5 29. Rdd5 Rac7 30. Rd2 g6 31. h3 Rc6 32. Bb5 Rd6 33. Rxd6 Bxd6 34.
Re2 Rc5 35. Bd3 Rg5+ 36. Kf1 Bh2 37. Re4 Rg1+ 38. Ke2 Bd6 39. Bc4 Rh1 40. Re3
Bc5 41. Rg3 Rh2 42. Rf3 f5 43. Kf1 Rh1+ 44. Kg2 Rc1 45. Rd3 Rxc2 46. Bb5 Rxf2+
47. Kg3 f4+ 48. Kg4 Kf6 49. Rf3 Rxf3 50. Kxf3 Kg5 51. Bd7 e5 52. Bc8 Kh4 53.
Be6 g5 54. Bd7 h5 55. Bf5 Bd6 56. Be6 g4+ 57. Kg2 f3+ 58. Kh1 g3 59. Bd5 g2+
0-1

[Event "XV Festival A"]
[Site "Padova ITA"]
[Date "2012.12.18"]
[Round "3"]
[White "Bonan, Yves"]
[Black "Giuriato, Sergio"]
[WhiteElo "1891"]
[BlackElo "1959"]
[Result "1/2-1/2"]
[PlyCount "133"]
[EventDate "2012.12.16"]

1. c4 e6 2. Nf3 Nf6 3. g3 d5 4. cxd5 exd5 5. Bg2 Bd6 6. O-O O-O 7. d4 c6 8. Bg5
h6 9. Bc1 Bf5 10. b3 Re8 11. a4 a5 12. Ba3 Na6 13. Bxd6 Qxd6 14. e3 Nb4 15. Na3
Qe6 16. Nh4 Bh7 17. Bf3 g5 18. Ng2 Ne4 19. Rc1 Nd6 20. Bg4 Qe7 21. h4 Kg7 22.
hxg5 hxg5 23. f4 Be4 24. Bf3 f6 25. Bxe4 Nxe4 26. Qg4 Kh8 27. fxg5 fxg5 28. Rf5
Qg7 29. Rcf1 Rf8 30. Qh5+ Kg8 31. Rxf8+ Rxf8 32. Rxf8+ Kxf8 33. Qf3+ Ke7 34. g4
Qf6 35. Ne1 Qxf3 36. Nxf3 Nd3 37. Nc2 Kd6 38. Kf1 b6 39. Ke2 Nc1+ 40. Kd1 Nxb3
41. Nce1 b5 42. axb5 cxb5 43. Kc2 a4 44. Nd3 Na5 45. Nde5 Nc4 46. Nf7+ Ke7 47.
N7e5 Nxe3+ 48. Kb2 Nc4+ 49. Ka2 Ke6 50. Nc6 Kd7 51. Nfe5+ Nxe5 52. Nxe5+ Ke6
53. Ka3 Nd6 54. Nf3 Nc4+ 55. Kb4 a3 56. Kb3 Kf6 57. Ne1 Ne3 58. Kxa3 Nxg4 59.
Kb4 Kf5 60. Kxb5 Ke4 61. Kc5 Ne3 62. Kb4 Kxd4 63. Nf3+ Kd3 64. Nxg5 Nf5 65. Kc5
Ne7 66. Kd6 d4 67. Ne6 1/2-1/2

[Event "XV Festival A"]
[Site "Padova ITA"]
[Date "2012.12.18"]
[Round "3"]
[White "Bozzao, Francesco"]
[Black "D'Orta, Antonio"]
[WhiteElo "1857"]
[BlackElo "1934"]
[Result "0-1"]
[PlyCount "80"]
[EventDate "2012.12.16"]

1. d4 c6 2. c4 d5 3. Nc3 Nf6 4. Nf3 g6 5. e3 Bg7 6. cxd5 cxd5 7. Be2 Nc6 8. O-O
Bg4 9. Ne5 Bxe2 10. Qxe2 Rc8 11. Qb5 Qc7 12. Bd2 O-O 13. Nxc6 Qxc6 14. Rac1 e6
15. Qd3 a6 16. b3 Ne4 17. Nxe4 dxe4 18. Rxc6 exd3 19. Rc3 Rxc3 20. Bxc3 Rc8 21.
Rc1 Bf8 22. Bd2 Rxc1+ 23. Bxc1 Bb4 24. Kf1 d2 25. Bxd2 Bxd2 26. Ke2 Bb4 27. Kd3
b5 28. Ke4 Bd6 29. f4 f5+ 30. Kd3 Kf7 31. g3 Kf6 32. e4 fxe4+ 33. Kxe4 h6 34.
h3 a5 35. g4 a4 36. h4 h5 37. g5+ Ke7 38. d5 exd5+ 39. Kxd5 axb3 40. axb3 Bxf4
0-1

[Event "XV Festival A"]
[Site "Padova ITA"]
[Date "2012.12.18"]
[Round "3"]
[White "Buchicchio, Alessandro"]
[Black "Viola, Enrico"]
[WhiteElo "1956"]
[BlackElo "1865"]
[Result "1/2-1/2"]
[PlyCount "65"]
[EventDate "2012.12.16"]

1. d4 Nf6 2. c4 g6 3. Nf3 d5 4. g3 Bg7 5. Bg2 c5 6. O-O cxd4 7. cxd5 Nxd5 8.
Nxd4 O-O 9. Nb5 Be6 10. e4 Nb4 11. N1c3 N8c6 12. Nd5 Rc8 13. Nxa7 Bxd5 14. Nxc8
Bc4 15. Qxd8 Rxd8 16. Nb6 Bxf1 17. Kxf1 Nc2 18. Rb1 Rd1+ 19. Ke2 Re1+ 20. Kd3
N6b4+ 21. Kd2 Rg1 22. Bh3 Nd4 23. Nd5 Nxa2 24. Nc3 Nb3+ 25. Kc2 Nbxc1 26. Nxa2
Ne2 27. Rxg1 Nxg1 28. Bc8 b6 29. Nc3 Bd4 30. Nd5 Nf3 31. Nxe7+ Kf8 32. Nd5 Bxf2
33. h3 1/2-1/2

[Event "XV Festival A"]
[Site "Padova ITA"]
[Date "2012.12.18"]
[Round "3"]
[White "Cardili, Mariano"]
[Black "Vocaturo, Daniele"]
[WhiteElo "2126"]
[BlackElo "2521"]
[Result "0-1"]
[PlyCount "74"]
[EventDate "2012.12.16"]

1. d4 Nf6 2. c4 e6 3. Nc3 Bb4 4. e3 O-O 5. Nf3 d5 6. Bd3 c5 7. O-O Nc6 8. a3
Ba5 9. cxd5 exd5 10. dxc5 Bxc3 11. bxc3 Bg4 12. a4 Re8 13. Rb1 Ne5 14. Be2 Ne4
15. Bb2 Bxf3 16. gxf3 Nxc5 17. c4 Nxc4 18. Bd4 Ne6 19. Kh1 b6 20. Rg1 Qh4 21.
Qf1 Nd2 22. Qg2 g6 23. Rbd1 Nxd4 24. Rxd2 Nxe2 25. Rxe2 Qxa4 26. Rd2 Rad8 27.
Rd4 Qc2 28. Rgd1 Rd6 29. Qg3 Red8 30. e4 b5 31. Kg2 a5 32. R1d2 Qc6 33. Qe5 f6
34. Qf4 b4 35. h4 Qb7 36. h5 g5 37. Qf5 Qd7 0-1

[Event "XV Festival A"]
[Site "Padova ITA"]
[Date "2012.12.18"]
[Round "3"]
[White "Collutiis, Duilio"]
[Black "Quaranta, Cristiano"]
[WhiteElo "2495"]
[BlackElo "2102"]
[Result "1-0"]
[PlyCount "45"]
[EventDate "2012.12.16"]

1. c4 e5 2. Nc3 d6 3. g3 f5 4. d4 e4 5. f3 Nf6 6. Bg2 exf3 7. exf3 g6 8. Nge2
Bg7 9. O-O O-O 10. d5 a5 11. Be3 Nbd7 12. Rc1 Re8 13. Qd2 Ne5 14. b3 Bd7 15.
Nf4 a4 16. Nb5 axb3 17. axb3 Nf7 18. Nd4 Bh6 19. Rfe1 c5 20. Nde6 Qa5 21. Qb2
Ne5 22. Ra1 Bxf4 23. gxf4 1-0

[Event "XV Festival A"]
[Site "Padova ITA"]
[Date "2012.12.18"]
[Round "3"]
[White "Damia, Angelo"]
[Black "Buchicchio, Giancarlo"]
[WhiteElo "2281"]
[BlackElo "2069"]
[Result "1-0"]
[PlyCount "51"]
[EventDate "2012.12.16"]

1. e4 c5 2. d4 cxd4 3. c3 dxc3 4. Nxc3 Nc6 5. Nf3 e6 6. Bc4 Nge7 7. Bg5 a6 8.
O-O d6 9. Rc1 h6 10. Be3 Ng6 11. Nd4 Be7 12. f4 Nxd4 13. Bxd4 e5 14. fxe5 O-O
15. Qb3 dxe5 16. Bxf7+ Kh8 17. Bb6 Qd6 18. Nd5 Rxf7 19. Rxf7 Be6 20. Bc7 Bxd5
21. exd5 Qb4 22. Qxb4 Bxb4 23. d6 Nf4 24. Rxf4 exf4 25. d7 Be7 26. Re1 1-0

[Event "XV Festival A"]
[Site "Padova ITA"]
[Date "2012.12.18"]
[Round "3"]
[White "Dorigo, Tommaso"]
[Black "Massironi, Marco"]
[WhiteElo "1899"]
[BlackElo "2214"]
[Result "0-1"]
[PlyCount "98"]
[EventDate "2012.12.16"]

1. e4 c5 2. c3 d6 3. d4 Nf6 4. Bd3 e5 5. Nf3 Nc6 6. d5 Ne7 7. Nbd2 Ng6 8. Nf1
Be7 9. Qa4+ Nd7 10. Ng3 O-O 11. Qc2 Nf4 12. Bxf4 exf4 13. Ne2 Bg5 14. e5 Nxe5
15. Bxh7+ Kh8 16. h4 Bh6 17. Ng5 g6 18. Nxf4 Bf5 19. Qe2 Qf6 20. Kf1 Rae8 21.
Re1 Bd7 22. Qd2 Nc4 23. Qc1 Rxe1+ 24. Kxe1 Ne5 25. Kf1 Kg7 26. Bxg6 fxg6 27. g3
Bxg5 28. hxg5 Qf5 29. Qe3 Rh8 30. Rh4 Rxh4 31. gxh4 Bb5+ 32. Kg2 Qg4+ 33. Qg3
Qxg3+ 34. Kxg3 Bd7 35. f3 Nc4 36. b3 Ne3 37. c4 Nf5+ 38. Kg4 Nd4+ 39. Kg3 Bf5
40. h5 gxh5 41. Nxh5+ Kg6 42. Nf6 Bb1 43. Ne8 Nf5+ 44. Kf4 Bxa2 45. Nc7 Bxb3
46. Ne6 a5 47. Nf8+ Kf7 48. Kxf5 Kxf8 49. Ke6 a4 0-1

[Event "XV Festival A"]
[Site "Padova ITA"]
[Date "2012.12.18"]
[Round "3"]
[White "Efimov, Igor"]
[Black "Gallo, Enrico"]
[WhiteElo "2413"]
[BlackElo "2074"]
[Result "1-0"]
[PlyCount "61"]
[EventDate "2012.12.16"]

1. e4 e6 2. d4 d5 3. Nd2 Nf6 4. e5 Nfd7 5. f4 c5 6. c3 Nc6 7. Ndf3 cxd4 8. cxd4
Qa5+ 9. Kf2 b5 10. Bd3 Ba6 11. Ne2 Rc8 12. f5 Nb4 13. Bb1 Qb6 14. Be3 Be7 15.
g4 Qc7 16. Qd2 Nb6 17. b3 Nc6 18. fxe6 fxe6 19. Nf4 Bb4 20. Qd3 Qe7 21. a3 Bxa3
22. Nxe6 Nb4 23. Qd2 Qxe6 24. Rxa3 O-O 25. Kg3 Rxf3+ 26. Kxf3 Rf8+ 27. Kg3 Qf7
28. Bf5 g6 29. Rf1 Bc8 30. Bd3 Qe7 31. Bg5 1-0

[Event "XV Festival A"]
[Site "Padova ITA"]
[Date "2012.12.18"]
[Round "3"]
[White "Franco, Alessandro P."]
[Black "Litrico, Paolo"]
[WhiteElo "1906"]
[BlackElo "1978"]
[Result "1-0"]
[PlyCount "81"]
[EventDate "2012.12.16"]

1. e4 e5 2. Nf3 Nc6 3. Bb5 a6 4. Ba4 Nf6 5. O-O Nxe4 6. d4 b5 7. Bb3 d5 8. Re1
Be6 9. Nxe5 Nxe5 10. dxe5 Bc5 11. Be3 Bxe3 12. Rxe3 Nc5 13. Nd2 O-O 14. c3 Nxb3
15. Nxb3 Qe7 16. Qd4 Rab8 17. a3 Rb6 18. f4 Rc8 19. Nc5 Rc6 20. b4 a5 21. Qd3
Rb8 22. f5 Bc8 23. Qxd5 Rh6 24. e6 fxe6 25. fxe6 a4 26. Rd1 Kf8 27. Rf3+ Rf6
28. Rxf6+ gxf6 29. Qd8+ Qxd8 30. Rxd8+ Ke7 31. Rh8 Bxe6 32. Rxb8 Bc4 33. Rh8
Kd6 34. Rxh7 c6 35. Kf2 Ke5 36. Ke3 Bf1 37. g3 Kd5 38. Rh4 f5 39. Rd4+ Ke5 40.
h4 Bh3 41. h5 1-0

[Event "XV Festival A"]
[Site "Padova ITA"]
[Date "2012.12.18"]
[Round "3"]
[White "Kasparov, Sergey"]
[Black "Mrdja, Milan"]
[WhiteElo "2475"]
[BlackElo "2387"]
[Result "1/2-1/2"]
[PlyCount "80"]
[EventDate "2012.12.16"]

1. e4 c5 2. Nf3 d6 3. d4 cxd4 4. Nxd4 Nf6 5. f3 e6 6. c4 Be7 7. Nc3 O-O 8. Be3
a6 9. Be2 Qc7 10. O-O Nbd7 11. Qd2 b6 12. Rfc1 Bb7 13. a4 Rac8 14. a5 bxa5 15.
Nb3 Qb8 16. Nxa5 Ba8 17. b4 Bd8 18. Kh1 Bb6 19. Rab1 Bxe3 20. Qxe3 Qc7 21. Nb3
Qb8 22. Nd2 Rfd8 23. c5 Bb7 24. b5 axb5 25. cxd6 Qxd6 26. Nxb5 Rxc1+ 27. Rxc1
Qb4 28. Rb1 Qc5 29. Nd4 Nf8 30. N2b3 Qb6 31. Nc2 Qxe3 32. Nxe3 Ra8 33. Nd4 Ba6
34. Ra1 Bb7 35. Rxa8 Bxa8 36. Nc4 N8d7 37. Kg1 Kf8 38. Kf2 Ke7 39. Ke3 Ne8 40.
Bd1 Nc7 1/2-1/2

[Event "XV Festival A"]
[Site "Padova ITA"]
[Date "2012.12.18"]
[Round "3"]
[White "Kassel, Walter"]
[Black "Battagin, Mose'"]
[WhiteElo "1912"]
[BlackElo "1816"]
[Result "0-1"]
[PlyCount "90"]
[EventDate "2012.12.16"]

1. Nf3 g6 2. c4 Bg7 3. Nc3 d6 4. g3 Nf6 5. Bg2 O-O 6. O-O c5 7. d4 Nc6 8. d5
Na5 9. Qd3 a6 10. Nd2 Rb8 11. a3 b5 12. Rb1 Ng4 13. b4 Ne5 14. Qc2 Naxc4 15.
Nxc4 Nxc4 16. bxc5 dxc5 17. a4 Bd7 18. Ne4 Bf5 19. Qa2 Bxe4 20. Bxe4 Nd6 21.
Bg2 c4 22. Bf4 f5 23. Qa3 Qd7 24. Rfe1 bxa4 25. Rb4 Rxb4 26. Qxb4 Rc8 27. e4
fxe4 28. Bxe4 c3 29. Bc2 Rc4 30. Qb8+ Kf7 31. Bg5 Bf6 32. Bxf6 Rc8 33. Qb4 exf6
34. Re6 Rd8 35. Bxa4 Nb5 36. Qf4 f5 37. Qe5 Re8 38. Qf6+ Kg8 39. Rxa6 Re1+ 40.
Kg2 Qxd5+ 41. Kh3 Re8 42. Bxb5 Qxb5 43. Ra7 Qf1+ 44. Kh4 Re4+ 45. f4 Rxf4+ 0-1